Urbanistické, architektonické a technické aspekty obnovy vidieka VIII. : Obnova stavebného fondu ako príspevok k trvalo udržateľnému rozvoju vidieka.Zborník referátov z Medzinárodnej konferencie.Bratislava,SR,26.5.2009

Salvato in:
Dettagli Bibliografici
Natura: Libro
Pubblicazione: Bratislava : STU v Bratislave SvF, 2009
Tags: Aggiungi Tag
Nessun Tag, puoi essere il primo ad aggiungerne!!

MARC

LEADER 00000nam a22000003a 4500
001 stu190032
005 20150408163958.9
008 090917s2009----xo----------------------d
020 |a 978-80-227-3131-7 
040 |a STU  |b slo 
041 0
044 |a xo 
245 |a Urbanistické, architektonické a technické aspekty obnovy vidieka VIII. :  |b Obnova stavebného fondu ako príspevok k trvalo udržateľnému rozvoju vidieka.Zborník referátov z Medzinárodnej konferencie.Bratislava,SR,26.5.2009 
260 |a Bratislava :  |b STU v Bratislave SvF,  |c 2009 
996 |b 284V037097  |c V*1759/sc-09  |l VVT  |s A  |a 24  |w stu190032_0001 
996 |b 284V037100  |c V*1790/sc-11  |l VVT  |s A  |a 24  |w stu190032_0002